000 00352nam a2200133 a 4500
005 20140513081052.0
008 030203s19uu xx 00 eng d
050 _aP 333.91
_bYAM 2000
245 _aYamang-dagat :
_b(water resources).
260 _bMabuhay Boardgames,
_c2000.
300 _aPoster
650 _aWater resources--Poster
999 _c116361
_d116361